000 00679nam a22001937a 4500
005 20251108171920.0
008 250721s2003 xx 000 0 ara d
082 1 4 _a616.13/عبد
100 1 _aعبد السلام، عاطف
245 1 0 _aالشرايين و الأوردة :
_bكيف تتجنب أمراض و جلطات الأوعية الدموية ؟ /
264 1 _aالقاهره :
_bدار الهلال،
_c2003.
300 _a151ص.
490 0 _aكتاب الهلال الطبي
650 1 7 _aالجهاز الدموي
650 1 7 _aأمراض الدم
650 1 7 _aأمراض القلب و الأوعية الدموية
942 _2ddc
_cBK
999 _c65848
_d65848